000 00935nam a2200313 a 4500
005 20200104041516.0
008 140224b1998 ck ||||| |||| 00| 0 spa d
020 _a9589585094
040 _aCO-BoIAVH
_cCO-BoIAVH
041 _aspa
044 _ack
082 _a333.709861
_bL68e
100 _aLeyva, Pablo
110 _bInstituto de Hidrología, Meteorología y Estudios Ambientales
245 1 3 _aEl medio ambiente en Colombia
260 _aBogotá
_bIDEAM
_c1998
300 _a495 páginas
_c28 x 22 cm
650 1 4 _aMedio ambiente
650 1 4 _aIndustria
650 1 4 _aRecursos hídricos
650 1 4 _aSuelos
650 1 4 _aEcosistemas
650 1 4 _aDegradación del suelo
650 1 4 _aDiversidad cultural
650 1 4 _aContaminación atmosférica
650 1 4 _aDesarrollo económico
_zColombia
662 _aColombia
942 _cLIBRO
_2ddc
999 _c890
_d890